Les Joueurs Havok depuis la création ( Fortnite ) - Statistiques

Statistiques générales
  • Ce quiz a été pris 420 fois
  • Le résultat moyen est 13 sur 17
Statistiques - réponses
Indice Réponse % Correct
Suède Wox
95%
Danemark Pablowingu
94%
Suède Pixie
93%
Danemark Tjino
92%
France Snayzy
88%
Angleterre Nathan
87%
Pologne Pixx
81%
Norvège Idrop
80%
France Seekk
79%
Italie Radeon
76%
Suède Dela
68%
Italie Albaxna
67%
France Esty
67%
France Netox
62%
Belgique SNK
56%
France Kirwa
54%
France Yzy
48%
Aucun quiz correspondant
Distribution des résultats
% des personnes avec chaque résultat
Percentile par nombre de réponses
Votre historique - résultats
Vous n’avez pas pris ce quiz